| 000 | 00928nam a2200217 a 4500 | ||
|---|---|---|---|
| 005 | 20180803165338.0 | ||
| 008 | 141124b xxu||||| |||| 00| 0 spa d | ||
| 040 | _cCO-BoIH | ||
| 041 | _aspa | ||
| 090 |
_aIAVH _b00639 |
||
| 110 |
_bFundación Pangea _91305 |
||
| 245 | _aMantenimiento, acompañamiento y seguimiento de las HMP establecidas en ventana ganadera de la cuenca media del río Chambery, municipios de Aranzazu y Salamina, Caldas | ||
| 260 |
_aCali _bInstituto Alexander von Humboldt _c2005 |
||
| 300 | _a49 p. | ||
| 520 | _aEsta consultoría sobre mantenimiento de las Herramientas de Manejo del Paisaje se desarrolló bajo cuatro ejes temáticos, así: Seguimiento técnico de las HMP, Mantenimiento de las HMP, Divulgación y Gestión. | ||
| 650 |
_aConservación _992401 |
||
| 650 |
_aBiodiversidad _992204 |
||
| 650 |
_aPaisawje rural _929072 |
||
| 662 |
_cColombia _dAranzazu _bCaldas |
||
| 942 |
_cINFORME _2z |
||
| 999 |
_c6140 _d6140 |
||